|
|
|
|
| LEADER |
00000nam2a2200000 4500 |
| 001 |
222982 |
| 005 |
20231208104228.0 |
| 035 |
|
|
|a (RuTPU)RU\TPU\book\243214
|
| 035 |
|
|
|a RU\TPU\book\242240
|
| 035 |
|
|
|a RU\TPU\book\205139
|
| 090 |
|
|
|a 222982
|
| 100 |
|
|
|a 20121003d2012 k y0rusy50 ca
|
| 101 |
0 |
|
|a rus
|
| 102 |
|
|
|a RU
|
| 105 |
|
|
|a a z 001zb
|
| 200 |
0 |
|
|a Т. 321, № 2 : Математика и механика. Физика
|
| 210 |
|
|
|d 2012
|
| 215 |
|
|
|a 156 с.
|c ил.
|
| 320 |
|
|
|a Библиография в конце статей
|
| 461 |
|
1 |
|0 (RuTPU)RU\TPU\book\176237
|t Известия Томского политехнического университета [Известия ТПУ]
|f Томский политехнический университет (ТПУ)
|v Т. 321, № 2 : Математика и механика. Физика
|d 2000-
|
| 600 |
|
1 |
|a Чучалин
|b А. И.
|c профессор Томского политехнического университета, доктор технических наук
|c проректор по образовательной и международной деятельности
|f 1952-
|g Александр Иванович
|x Portal
|y Томск
|2 stltpush
|3 (RuTPU)RU\TPU\pers\22021
|
| 606 |
1 |
|
|a Научно-технический потенциал
|2 stltpush
|3 (RuTPU)RU\TPU\subj\45166
|9 64427
|
| 610 |
1 |
|
|a научно-технические исследования
|
| 610 |
1 |
|
|a математика
|
| 610 |
1 |
|
|a механика
|
| 610 |
1 |
|
|a физика
|
| 610 |
1 |
|
|a евклидовы пространства
|
| 610 |
1 |
|
|a многомерные поверхности
|
| 610 |
1 |
|
|a классификация Коши-Римана
|
| 610 |
1 |
|
|a нелинейные уравнения
|
| 610 |
1 |
|
|a краевые задачи
|
| 610 |
1 |
|
|a плазма
|
| 610 |
1 |
|
|a частицы
|
| 610 |
1 |
|
|a динамика
|
| 610 |
1 |
|
|a низкоуглеродистые стали
|
| 610 |
1 |
|
|a износостойкие покрытия
|
| 610 |
1 |
|
|a коррозионно-стойкие покрытия
|
| 610 |
1 |
|
|a тела вращения
|
| 610 |
1 |
|
|a обработка
|
| 610 |
1 |
|
|a виброгасители
|
| 610 |
1 |
|
|a труды учёных ТПУ
|
| 675 |
|
|
|a 62
|v 3
|
| 801 |
|
1 |
|a RU
|b 63413507
|c 20110406
|
| 801 |
|
2 |
|a RU
|b 63413507
|c 20121009
|g RCR
|
| 942 |
|
|
|c CR
|